Представление документа в формате RUSMARC

ПолеНазваниеЗначение
  Тип записи a
  Библиографический уровень c
001 Контрольный номер RU/IS/BASE/426678308
005 Дата корректировки 20201206204856.3
010 Индекс ISBN __
a ISBN 978-5-17-069383-2. - 978-5-271-29990-2
d Цена 150-00
101 Язык документа 0_
a Язык текста rus
200 Заглавие и сведения об ответственности 1_
a Заглавие Дама с собачкой
e Сведения, относящиеся к заглавию рассказы и повести
f Первые сведения об ответственности Антон Павлович Чехов
b Общее обозначение материала Текст
210 Выходные данные __
a Место издания М.
c Издательство АСТ
c Издательство Астрель
d Дата издания 2010
215 Физическое описание __
a Объем 640 с.
c Иллюстрации/тип воспроизводства ил.
225 Серия __
a Серия Классики и современники
327 Примечание о содержании __
a Примечание о содержании Огни
327 Примечание о содержании __
a Примечание о содержании Дуэль
327 Примечание о содержании __
a Примечание о содержании Жена
327 Примечание о содержании __
a Примечание о содержании Попрыгунья
327 Примечание о содержании __
a Примечание о содержании После театра
327 Примечание о содержании __
a Примечание о содержании Соседи
327 Примечание о содержании __
a Примечание о содержании Страх
327 Примечание о содержании __
a Примечание о содержании Рассказ неизвестного человека
327 Примечание о содержании __
a Примечание о содержании Володя большой и Володя маленький
327 Примечание о содержании __
a Примечание о содержании Черный монах
327 Примечание о содержании __
a Примечание о содержании Учитель словесности
327 Примечание о содержании __
a Примечание о содержании Три года
327 Примечание о содержании __
a Примечание о содержании Супруга
327 Примечание о содержании __
a Примечание о содержании Ариадна
327 Примечание о содержании __
a Примечание о содержании Анна на шее
327 Примечание о содержании __
a Примечание о содержании Дом с мезонином
327 Примечание о содержании __
a Примечание о содержании У знакомых
327 Примечание о содержании __
a Примечание о содержании Душечка
327 Примечание о содержании __
a Примечание о содержании Невеста
330 Аннотация __
a Аннотация Рассказы и повести, вошедшие в эту книгу, объединяет общая тема: отношения мужчины и женщины. Любое из этих произведений, даже самый короткий рассказ, можно по праву назвать романом. При этом чеховские любовные истории - сплошь "неоконченные пьесы". Неосуществимость любви, утрата устойчивых ориентиров и надежных отношений, обретение хрупкого равновесия, вторжение пошлости в личную жизнь, шанс изменить судьбу, обреченность довольствоваться унылым течением обыденной жизни - в "микророманах" Чехова есть все что угодно, за исключением счастливого конца и решенных проблем. Чеховский интеллигент оставит все как есть. Чеховский мужчина ничего не сможет расхлебать - даже под дулом пистолета фон Корена - и предоставит все додумывать читателю… А современного читателя по-прежнему подкупают в прозе Чехова и притягательная изобразительная сила, и тонкий психологизм, и глубокий подтекст, и мудрая...
606 Тематические рубрики __
a Основная рубрика Русская литература XIX в. (произведения)
a Основная рубрика Художественная литература
610 Ключевые слова __
a Ключевые слова рассказы; повести; тема любви; тема женщины; тема верности; классическая литература; юмористическая литература; юмористические рассказы; сатирическая литература; сатирические рассказы
686 Индексы других классификаций __
a Классификационный индекс 84(2=411.2)52-4
700 Автор _1
a Фамилия Чехов
b Имя А. П.
4 Код отношения 070
801 Источник записи _0
a Страна RU
b Организация Муниципальное бюджетное учреждение культуры "Централизованная библиотечная система" г. Сургут (Центральная городская библиотека им. А. С. Пушкина)
g Правила каталогизации КиК/Елгина
801 Источник записи _1
a Страна RU
b Организация Муниципальное бюджетное учреждение культуры "Централизованная библиотечная система" г. Сургут (Центральная городская библиотека им. А. С. Пушкина)
g Правила каталогизации КиК/Елгина
852 Данные о местонахождении __
j Шифр хранения 84(2=411.2)52-4
i Авторский знак Ч-56
901 Тип документа 1_
t Тип документа x
903 Характеристики (МАРС) __
a Дата передачи 20130709
990 Данные о заказе (DOS) __
j Количество экземпляров (DOS) 1
t N записи в КСУ для И/У (DOS) 201307